Placements de la Serbie aux Championnats d'Europe - Statistiques

Statistiques générales
  • Ce quiz a été pris 7 fois
  • Le résultat moyen est 2 sur 6
Statistiques - réponses
Hint Réponse % Correct
2024 Phase de groupes
67%
1960 Deuxième place
33%
1968 Deuxième place
33%
1984 Phase de groupes
17%
2000 Quarts de finale
17%
1976 Quatrième place
0%
Aucun quiz correspondant
Distribution des résultats
% des personnes avec chaque résultat
Percentile par nombre de réponses
Votre historique - résultats
Vous n’avez pas pris ce quiz